000 00320nam a22001337a 4500
008 190306b xxu||||| |||| 00| 0 eng d
020 _a9780781789776
041 _aeng
080 _a610
100 _a4
101 _aSHM
245 _aThe Washington Manual of Outpatient Internal Medicine
_cFer, M.D
942 _2udc
_cBK
999 _c54625
_d54625